Szczegóły MARC21

Gry i zabawy interakcyjne dla dzieci i młodzieży. Cz. 4 /

003 -Nazwa inst., której nr kontr. jest w polu 001 [,]
    • @
    • Nazwa instytucji, której n kontrolny jest w polu 001
    • NUKAT
005 -DATA I CZAS OSTATNIEJ MODYFIKACJI [,]
    • @
    • pole kontrolne
    • 20241231105621.0
020 -Międzynarod. znormalizowany nr książki - ISBN [ , ]
    • a
    • Numer ISBN
    • 8372240183 Find
040 -Instytucja sporządzająca opis [ , ]
    • a
    • Instytucja, która sporządziła opis (NP)
    • KAT U/30WZ
    • c
    • Instytucja, która sporządziła rekord (NP)
    • KAT U/30WZ
    • d
    • Instytucja, która zmodyfikowała rekord (P)
    • KAT U/30MS
    • d
    • Instytucja, która zmodyfikowała rekord (P)
    • OLSZT 003/baks
041 -Język dokumentu [1, ]
    • a
    • Język tekstu (P)
    • polski
    • h
    • Język tekstu oryginalnego i/lub pośredniego (P)
    • niemiecki
942 -Rodzaj dokumentu [ , ]
    • c
    • Rodzaj dokumentu
    • Książka
100 -Hasło główne - nazwa osobowa [1, ]
    • a
    • Nazwa osobowa (NP)
    • Vopel, Klaus W.
    • d
    • Daty biograficzne (NP)
    • (1940- ).
    • 9
    • KHW
    • 580000
240 -Tytuł ujednolicony [1,0]
    • a
    • Tytuł ujednolicony
    • Interaktionsspiele für Kinder
    • l
    • Język tekstu
    • (pol.)
    • 9
    • KHW
    • 680974
245 -Strefa tytułu i oznaczenia odpowiedzialności [1,0]
    • a
    • Tytuł
    • Gry i zabawy interakcyjne dla dzieci i młodzieży. Find
    • n
    • Oznaczenie części (P)
    • Cz. 4 /
    • c
    • Pozostałe elementy strefy tytułu i oznaczenia odpowiedzialności (NP)
    • Klaus W. Vopel ; [przekł. z niem. Rita Malcher].
260 -Strefa adresu wydawniczego [ , ]
    • a
    • Miejsce wydania (P)
    • Kielce :
    • b
    • Nazwa wydawcy (P)
    • Wydawnictwo Jedność,
    • c
    • Data wydania (P)
    • 1999.
300 -Strefa opisu fizycznego [ , ]
    • a
    • Określenie formy książki i/lub objętość (NP)
    • 166 s :
    • b
    • Oznaczenie ilustracji (NP)
    • il. ;
    • c
    • Format (NP)
    • 24 cm.
336 -Typ zawartości [ , ]
    • a
    • Termin opisujący typ zawartości
    • Tekst
    • b
    • Kod określający zawartość
    • txt
    • 2
    • Źródło (terminu i kodu)
    • rdacontent
337 -Typ mediów [ , ]
    • a
    • Tryb odtwarzania
    • Bez urządzenia pośredniczącego
    • b
    • Kod typu mediów
    • n
    • 2
    • Źródło (terminu i kodu)
    • rdamedia
338 -Typ/rodzaj nośnika [ , ]
    • a
    • Hasło opisujące typ nośnika
    • Wolumin
    • b
    • Kod typu nośnika
    • nc
    • 2
    • Źródło (terminu i kodu)
    • rdacarrier
080 -Uniwersalna Klasyfikacja Dziesiętna [ , ]
    • a
    • Symbol klasyfikacji
    • 371.69
080 -Uniwersalna Klasyfikacja Dziesiętna [ , ]
    • a
    • Symbol klasyfikacji
    • :316.47
650 -Hasło przedmiotowe [ ,7]
    • a
    • Hasło przedmiotowe
    • Gry edukacyjne
    • v
    • Określnik formalny
    • poradniki.
    • 2
    • Źródło terminu
    • kaba
    • 9
    • KHW
    • 359058
650 -Hasło przedmiotowe [ ,7]
    • a
    • Hasło przedmiotowe
    • Interakcja społeczna u dzieci.
    • 2
    • Źródło terminu
    • kaba
    • 9
    • KHW
    • 112196
650 -Hasło przedmiotowe [ ,7]
    • a
    • Hasło przedmiotowe
    • Komunikacja
    • x
    • Określnik rzeczowy
    • aspekt psychologiczny.
    • 2
    • Źródło terminu
    • kaba
    • 9
    • KHW
    • 114866
650 -Hasło przedmiotowe [ ,7]
    • a
    • Hasło przedmiotowe
    • Współpraca.
    • 2
    • Źródło terminu
    • kaba
    • 9
    • KHW
    • 136457
980 -Symbol UKD [ , ]
    • a
    • UKD
    • 371.69:316.47
700 -Hasło dodatkowe - nazwa osobowa [1, ]
    • a
    • Nazwa osobowa (NP)
    • Malcher, Rita. Find
    • e
    • Określenie rodzaju współpracy
    • Tł.
    • 9
    • KHW
    • 475964
710 -Hasło dodatkowe - nazwa ciała zbiorowego [2, ]
    • a
    • Nazwa ciała zbiorowego lub nazwa geograficzna jako pierwszy element (NP)
    • Wydawnictwo Jedność.
    • 4
    • Kod relacji
    • pbl
    • 9
    • KHW
    • 61491
920 -ISBN [ , ]
    • a
    • ISBN
    • 83-7224-018-3 Find
Data inwentaryzacji Status udost. Sygnatura Lokalizacja Numer inwentarzowy
1999-07-151Gry i zabawy 13BMWF.6353
1999-07-15-3 BMWF.6352